Les tennismen qui ont obtenus plus de 5000 points de 2010 à 2019 - Statistiques

Statistiques générales
  • Ce quiz a été pris 187 fois
  • Le résultat moyen est 15 sur 19
Statistiques - réponses
Hint Réponse % Correct
16950 points en 2016Serbe Djokovic
100%
14330 points en 2014Espagnol Nadal
100%
11805 points en 2012Suisse Federer
99%
12685 points en 2016Ecossais Murray
94%
6865 points en 2015Suisse Wawrinka
94%
6595 points en 2019Allemand Zverev
94%
5705 points en 2019Russe Medvedev
93%
5230 points en 2012Français Tsonga
93%
5300 points en 2019Grecque Tsitsipas
90%
6785 points en 2010Argentin Del potro
85%
7220 points en 2013Espagnol Ferrer
84%
5150 points en 2017Bulgare Dimitrov
83%
6385 points en 2015Japonais Nishikori
83%
5825 points en 2019Autrichien Thiem
82%
5155 points en 2017Croate Cilic
76%
5450 points en 2016Canadien Raonic
61%
5230 points en 2015Tchèque Berdych
55%
6055 points en 2011Suédois Soderling
50%
5335 points en 2010Russe Davydenko
30%
Aucun quiz correspondant
Distribution des résultats
% des personnes avec chaque résultat
Percentile par nombre de réponses
Votre historique - résultats
Vous n’avez pas pris ce quiz